Education on the Dalton plan /

Bibliographic Details
Main Author: Parkhurst, Helen Huss, 1887-1959
Other Authors: Bassett, Rosa, Eades, John
Format: Book
Language:English
Published: New York : E. P. Dutton & Co., Inc., [1922]
Subjects:

MARC

Tag First Indicator Second Indicator Subfields
LEADER 00000cam a2200000 4500
001 in00000064259
005 20151008051754.0
008 760421s1922 nyu 00000 eng d
010 |a  22026980  
035 |a (OCoLC)02130196 
035 |9 AAG9887AM 
040 |a TOL  |c TOL  |d TXA  |d UtOrBLW 
049 |a TXAM  |c [20019] 
090 |a LB1029.L3  |b P3 
092 |a 371.394  |b P246e 
100 1 |a Parkhurst, Helen Huss,  |d 1887-1959. 
245 1 0 |a Education on the Dalton plan /  |c by Helen Parkhurst...with an introduction by T. P. Nunn...contributions by Rosa Bassett...and John Eades. 
264 1 |a New York :  |b E. P. Dutton & Co., Inc.,  |c [1922] 
264 4 |c [©1922] 
300 |a 278 pages ;  |c 20 cm 
336 |a text  |b txt  |2 rdacontent 
337 |a unmediated  |b n  |2 rdamedia 
338 |a volume  |b nc  |2 rdacarrier 
650 2 0 |a Dalton laboratory plan. 
700 1 |a Bassett, Rosa. 
700 1 |a Eades, John. 
999 |a MARS 
999 f f |s d2bfb495-55ae-3d22-937e-652a4a19689b  |i eae66aa2-60b6-3685-9e3f-139953151a3a  |t 0 
952 f f |p normal  |a Texas A&M University  |b College Station  |c Sterling C. Evans Library  |d Evans: Library Stacks  |t 0  |e LB1029.L3 P3  |h Library of Congress classification  |i unmediated -- volume  |m A14800837307 
998 f f |a LB1029.L3 P3  |t 0  |l Evans: Library Stacks